000 00447nam a2200157 a 4500
005 20140414132104.0
008 100823s19uu xx 00 eng d
050 _aTR 268.6
_bK74 2006
100 _aKnight, Lizette
245 _aA 2 Z Creative teaching mehods.
260 _aManila, Philippines :
_bChristian Strenghthening Ministry,
_c2006.
650 _aCreative teaching
650 _aTeaching strategy
999 _c114548
_d114548